000 00732nam a2200253#a 4500
001 02334
003 HDC
007 ta
008 230623s2012 xx 000 0 eng d
020 _a2232-1810 (pbk).
040 _aHDC
050 _ajlm GC16
_b.M35 2012
110 _aMalaysia.
_b Jabatan Laut.
245 0 _aLaporan tahunan Jabatan Laut Malaysia :
_b2012 /
_cJabatan Laut Malaysia.
264 _aSelangor :
_bMalaysia Marine Department,
_c2012.
300 _a152p :
_b ill. ;
_c 25cm.
650 _aAquatic sciences
_xPeriodicals
_zMalaysia.
650 _aMarine sciences
_xPeriodicals
_zMalaysia.
710 _aMalaysia. Marine Department.
942 _2lcc
942 _cBK
942 _kjlm GC16
942 _m.M35 2012
999 _c23893
_d23893